MARC

LEADER 00000nam0a2200000 4500
001 296788
005 20231102000936.0
035 |a (RuTPU)RU\TPU\book\321896 
090 |a 296788 
100 |a 20150603d1984 km y0rusy50 ca 
101 0 |a rus 
102 |a RU 
105 |a a z 001zy 
200 1 |a Автоматизированные системы расчета колебаний методом конечных элементов  |f О. Ф. Борискин 
210 |a Иркутск  |c Изд-во Иркутского ун-та  |d 1984 
215 |a 188 с.  |c ил. 
320 |a Библиогр.: с. 175-188 
606 1 |a Механические системы  |x Колебания  |2 stltpush  |3 (RuTPU)RU\TPU\subj\43603  |9 63079 
610 1 |a автоматизированные системы 
610 1 |a расчеты 
610 1 |a метод конечных элементов 
610 1 |a сходимость 
610 1 |a точность 
610 1 |a программные комплексы 
610 1 |a турбомашины 
610 1 |a эксплуатация 
675 |a 539.3:534  |v 4 
700 1 |a Борискин  |b О. Ф. 
801 1 |a RU  |b 63413507  |c 20150603 
801 2 |a RU  |b 63413507  |c 20181019  |g RCR 
942 |c BK